Regulation of Broadcast Indecency : Background and Legal Analysis.

Provides background on and discusses the evolution of FCC regulations prohibiting TV and radio broadcasts of indecent material during certain hours. Outlines recent events focusing attention on FCC indecency regulations, analyzes current regulations, reviews various FCC actions regarding indecency,...

Full description

Bibliographic Details
Corporate Authors: Library of Congress. Congressional Research Service, ProQuest (Firm)
Format: eBook
Language:English
Published: [Place of publication not identified] : [publisher not identified], 2006.
Series:U.S. Congressional Research.
Subjects:
Online Access:Connect to the full text of this electronic book

MARC

Tag First Indicator Second Indicator Subfields
LEADER 00000cam a22000001a 4500
001 in00003310113
006 m d f
007 cr bn mmmapmmp
008 101207s2006 dcu o f000 0 eng d
005 20260430174614.0
035 |a cis2007852941 
040 |a ProQuest  |c ProQuest  |d UtOrBLW 
043 |a n-us--- 
099 |a CRS-2006-AML-0107 
110 2 |a Library of Congress.  |b Congressional Research Service. 
245 1 0 |a Regulation of Broadcast Indecency :  |b Background and Legal Analysis. 
264 1 |a [Place of publication not identified] :  |b [publisher not identified],  |c 2006. 
300 |a 1 online resource. 
336 |a text  |b txt  |2 rdacontent 
337 |a computer  |b c  |2 rdamedia 
338 |a online resource  |b cr  |2 rdacarrier 
500 |a Record is based on bibliographic data in ProQuest U.S. Congressional Research Digital Collection (last viewed Dec. 2010). Reuse except for individual research requires license from ProQuest, LLC. 
500 |a CRS Report. 
520 |a Provides background on and discusses the evolution of FCC regulations prohibiting TV and radio broadcasts of indecent material during certain hours. Outlines recent events focusing attention on FCC indecency regulations, analyzes current regulations, reviews various FCC actions regarding indecency, and summarizes related Congressional activity. Examines whether prohibiting the broadcast of indecent words in any context would violate the First Amendment. 
500 |a Electronic resource. 
650 0 |a Constitutional law. 
650 0 |a Obscenity (Law) 
650 0 |a Television. 
655 7 |a Electronic books.  |2 local 
710 2 |a ProQuest (Firm) 
776 0 8 |i Microfiche version:   |a Library of Congress. Congressional Research Service.  |t Regulation of Broadcast Indecency 
830 0 |a U.S. Congressional Research. 
856 4 0 |u http://proxy.library.tamu.edu/login?url=https://congressional.proquest.com/congcomp/getdoc?CRDC-ID=CRS-2006-AML-0107  |z Connect to the full text of this electronic book  |t 0 
999 |a MARS 
999 f f |s 60bd41df-1481-384d-a041-ee114837d525  |i 632369a5-bd85-34ed-a8e5-3c4a920b582a  |t 0 
952 f f |a Texas A&M University  |b College Station  |c Electronic Resources  |s www_evans  |d Available Online  |t 0  |e CRS-2006-AML-0107  |h Other scheme 
998 f f |a CRS-2006-AML-0107  |t 0  |l Available Online